ONE PIECE Dの名を持つ者達 - Statistics

General Stats
  • This quiz has been taken 260 times
  • The average score is 8 of 14
Answer Stats
キャラ名 % Correct
モンキー・D・ルフィ
100%
ゴール・D・ロジャー
94%
ポートガス・D・エース(ゴール・D・エース)
91%
モンキー・D・ガープ
84%
トラファルガー・D・ワーテル・ロー
84%
モンキー・D・ドラゴン
83%
マーシャル・D・ティーチ
78%
ハグワール・D・サウロ
49%
ポートガス・D・ルージュ
41%
ネフェルタリ・D・ビビ
36%
ネフェルタリ・D・コブラ
33%
ロックス・D・ジーベック
28%
ネフェルタリ・D・リリィ
23%
クラウ・D・クローバー
14%
No matching quizzes found
Score Distribution
Percent of People with Each Score
Percentile by Number Answered
Your Score History
You have not taken this quiz